Countries that are Scrabble Words - Statistics

General Stats
  • This quiz has been taken 1,254 times
  • The average score is 9 of 22
Answer Stats
Score Answer % Correct
10 China
84%
13 Turkey
68%
14 Japan
67%
17 Brazil
64%
9 Chad
64%
10 Chile
60%
7 Spain
59%
6 Russia
55%
9 Canada
52%
9 Greece
50%
14 Jordan
49%
10 Panama
42%
6 Niger
39%
6 Mali
35%
7 Guinea
30%
13 Morocco
27%
13 Cyprus
21%
6 Tonga
19%
7 Angola
18%
20 Philippines
15%
13 Bolivia
14%
11 Gambia
13%
No matching quizzes found
Score Distribution
Percent of People with Each Score
Percentile by Number Answered
Your Score History
You have not taken this quiz